000
00209nam a2200097Ia 4500
008
190216s9999||||xx |||||||||||||| ||und||
100
_a
M T Vasudevan Nair
245
0
_a
Varikuzhi
260
_b
Null
942
_c
BK
999
_c
24387
_d
24387